| 000 -LEADER | |
|---|---|
| fixed length control field | 00414nam a22001697a 4500 |
| 005 - DATE AND TIME OF LATEST TRANSACTION | |
| control field | 20180625112325.0 |
| 008 - FIXED-LENGTH DATA ELEMENTS--GENERAL INFORMATION | |
| fixed length control field | 160601b xxu||||| |||| 00| 0 eng d |
| 020 ## - INTERNATIONAL STANDARD BOOK NUMBER | |
| ISBN | 81-8598926-5 |
| 041 ## - LANGUAGE CODE | |
| Language code of text/sound track or separate title | eng |
| 082 ## - DEWEY DECIMAL CLASSIFICATION NUMBER | |
| Item number | 6750 |
| Classification number | 658 |
| 100 ## - MAIN ENTRY--AUTHOR NAME | |
| Personal name | Moshal, B.S. |
| 245 ## - TITLE STATEMENT | |
| Title | Management Theory & Practice |
| 260 ## - PUBLICATION, DISTRIBUTION, ETC. (IMPRINT) | |
| Place of publication | New Delhi |
| Name of publisher | Galgotia Publ. Pvt. Ltd. |
| 300 ## - PHYSICAL DESCRIPTION | |
| Number of Pages | 386 |
| 650 ## - SUBJECT ADDED ENTRY--TOPICAL TERM | |
| Topical Term | Management |
| 942 ## - ADDED ENTRY ELEMENTS (KOHA) | |
| Koha item type | Books |
| Lost status | Damaged status | Home library | Shelving location | Date acquired | Cost, normal purchase price | Full call number | Accession Number | Koha item type | Collection code | Current library |
|---|---|---|---|---|---|---|---|---|---|---|
| JRU Library | SHELF-17-B | 01/06/2016 | 130.00 | 658 | 6750 | Books | ||||
| JRU Library | 01/06/2016 | 130.00 | 658 | 6751 | Books | Reference | JRU Library |